00359nam a2200133Ia 4500100000900000650001700009942000700026654001500033245004800048260001500096546001200111999001700123952008500140 a#N/A aComputer/ IT cBK amicrosoft  aIntelligence builder V. 3. intense learning b#N/Ac2007 aENGLISH c29499d29499 001040708CDaCRCEbCRCEd2023-03-17l0o pCD1925r2023-03-17w2023-03-17yBK